The future of the international legal order
I tiakina i:
| Ngā kaituhi matua: | , |
|---|---|
| Hōputu: | Pukapuka |
| Reo: | Ingarihi |
| I whakaputaina: |
Princeton
Princeton University
1969
|
| Ngā marau: | |
| Ngā Tūtohu: |
Tāpirihia he Tūtohu
Kāore He Tūtohu, Me noho koe te mea tuatahi ki te tūtohu i tēnei pūkete!
|
MARC
| LEADER | 00000nam a2200000 a 4500 | ||
|---|---|---|---|
| 001 | UCO8272 | ||
| 003 | CL-VaPUC | ||
| 008 | 001201e19690000us |||||||||||||||||eng|d | ||
| 082 | 0 | 4 | |a 341 |b FAL |2 21 |
| 100 | |a Falk, Richard A |e author |9 456312 | ||
| 700 | 0 | |a Black, Cyril E |e author |9 453181 | |
| 245 | 1 | 4 | |a The future of the international legal order |
| 300 | |a 5 v | ||
| 942 | |c BK | ||
| 945 | |d 20001201 00:00:00 |a crobeson | ||
| 260 | |a Princeton |b Princeton University |c 1969 | ||
| 500 | |a Donación del profesor Manfred Wilhelmy von Wolff | ||
| 500 | |a v.1: Trends and patterns | ||
| 500 | |a v.2: Wealth and resources | ||
| 500 | |a v.3: Conflict management | ||
| 500 | |a v.4: The structure of the international enviroment | ||
| 500 | |a v.5: Toward an international consensus | ||
| 650 | 0 | |a Derecho internacional |9 255637 | |
| 650 | 0 | |a Desarrollo económico y social |9 256320 | |
| 650 | 0 | |a Recursos naturales |9 255232 | |
| 650 | 0 | |a Derecho marítimo |9 255301 | |
| 650 | 7 | |a DESARROLLO TECNOLOGICO |2 CL-VaPUC |9 259800 | |
| 583 | |a last modification |c 20171205 02:35:57 |k Rodrigo Vera | ||
| 999 | |c 292997 |d 292995 | ||
| 952 | |0 0 |1 0 |4 0 |6 341_000000000000000_FAL_1969 |7 0 |8 A |9 344092 |a BIBDER |b BIBDER |d 2019-11-20 |h v.2 |i 1236180 |o 341 FAL 1969 |p 1236180 |r 2023-01-25 |w 2019-11-20 |y BK |k DER | ||